[Event "Erbil zt 3.1"]
[Site "Erbil"]
[Date "2025.04.14"]
[Round "8"]
[White "Jalal, Hazhar"]
[Black "Salih, Akar Ali Salih"]
[Result "1/2-1/2"]
[WhiteElo "2026"]
[BlackElo "2218"]
[PlyCount "106"]
[EventDate "2025.04.08"]
[EventType "swiss"]
[EventRounds "9"]
[EventCountry "IRQ"]
[SourceTitle "CB16_2025"]
[SourceDate "2025.04.16"]
[SourceVersion "1"]
[SourceVersionDate "2025.04.16"]
[SourceQuality "1"]

1. d4 Nf6 2. Bf4 c5 3. e3 Qb6 4. Na3 d6 5. Nc4 Qc7 6. a4 g6 7. c3 Bg7 8. Be2 h6 9. h3 Be6 10. Nd2 cxd4 11. exd4 Nc6 12. Ngf3 0-0 13. 0-0 Rad8 14. Re1 Bc8 15. Bf1 Rfe8 16. Bh2 e5 17. Nc4 e4 18. Nfd2 Qe7 19. f3 d5 20. Ne5 Nxe5 21. Bxe5 exf3 22. Qxf3 Ne4 23. Bxg7 Kxg7 24. Nxe4 dxe4 25. Qe3 a6 26. c4 f5 27. Rad1 Qf6 28. Qd2 f4 29. d5 Re5 30. Qd4 Rde8 31. d6 Bd7 32. c5 Kh7 33. Rxe4 Qg5 34. Rde1 Rxe4 35. Rxe4 Rxe4 36. Qxe4 Qxc5+ 37. Kh1 Qxd6 38. Qxb7 h5 39. Bxa6 Qd1+ 40. Kh2 Qxa4 41. b3 Qc6 42. Qxc6 Bxc6 43. Kg1 Kh6 44. b4 Kg5 45. b5 Bd5 46. b6 Kh4 47. b7 Bxb7 48. Bxb7 g5 49. Kf2 g4 50. Bc8 Kg5 51. Ke2 Kh4 52. Bd7 Kg3 53. Kf1 f3 1/2-1/2

[Event "Erbil zt 3.1"]
[Site "Erbil"]
[Date "2025.04.13"]
[Round "7"]
[White "Nikookar, Mahdi"]
[Black "Jalal, Hazhar"]
[Result "1/2-1/2"]
[WhiteElo "2225"]
[BlackElo "2026"]
[PlyCount "161"]
[EventDate "2025.04.08"]
[EventType "swiss"]
[EventRounds "9"]
[EventCountry "IRQ"]
[SourceTitle "CB16_2025"]
[SourceDate "2025.04.16"]
[SourceVersion "1"]
[SourceVersionDate "2025.04.16"]
[SourceQuality "1"]

1. Nf3 d5 2. d4 Nf6 3. c3 c5 4. dxc5 e6 5. b4 a5 6. e3 axb4 7. cxb4 b6 8. Bb5+ Bd7 9. Bxd7+ Nbxd7 10. a4 bxc5 11. b5 Bd6 12. 0-0 Qc7 13. Bb2 g5 14. g3 g4 15. Nh4 Be5 16. Qc2 Ke7 17. Nd2 Rhb8 18. Rfb1 Bxb2 19. Rxb2 c4 20. Nb3 Ne4 21. Nd4 Ne5 22. Rb3 Kf8 23. Rba3 Qa5 24. Qb2 c3 25. Qe2 Nd2 26. Rc1 Rc8 27. Nc6 Nxc6 28. Raxc3 Nc4 29. bxc6 Qxa4 30. Qxg4 Ne5 31. Qh5 Ng6 32. Qxh7 Nxh4 33. Qh6+ Ke7 34. Qg5+ Kd6 35. Qxh4 Qxh4 36. gxh4 Ra4 37. f4 e5 38. fxe5+ Kxe5 39. h5 Rh4 40. c7 Rxh5 41. R1c2 Rh6 42. Rc6 Rh3 43. R6c3 f5 44. Kg2 Rh7 45. Rc6 Rg8+ 46. Kh1 Rc8 47. R2c5 f4 48. exf4+ Kxf4 49. Rxd5 Rcxc7 50. Rf6+ Kg4 51. Rf2 Rhf7 52. Rfd2 Rf4 53. Kg2 Kh4 54. Kh1 Rg7 55. Rd1 Rf2 56. Rd8 Rff7 57. R8d4+ Rg4 58. Rd8 Rgg7 59. R1d4+ Kh3 60. Rh8+ Rh7 61. Rd3+ Kh4 62. Re8 Re7 63. Red8 Rhg7 64. R3d4+ Kh3 65. Rd1 Ref7 66. Re1 Re7 67. Ra1 Ra7 68. Rc1 Rac7 69. Ra1 Ra7 70. Rd3+ Kh4 71. Rc1 Rac7 72. Rd4+ Kh5 73. Re1 Rce7 74. Red1 Ref7 75. R4d3 Kh4 76. Rd8 Kh5 77. h3 Kh4 78. Kh2 Rf2+ 79. Kh1 Kxh3 80. Rh8+ Kg3 81. Rg1+ 1/2-1/2

[Event "Budapest FS03 FM"]
[Site "Budapest"]
[Date "2017.03.08"]
[Round "5"]
[White "Frost, Peter"]
[Black "Jalal, Hazhar"]
[Result "1/2-1/2"]
[WhiteElo "1939"]
[BlackElo "2035"]
[PlyCount "44"]
[EventDate "2017.03.04"]
[EventType "tourn"]
[EventRounds "10"]
[EventCountry "HUN"]
[SourceTitle "CBM 177 Extra"]
[Source "ChessBase"]
[SourceDate "2017.04.27"]
[SourceVersion "1"]
[SourceVersionDate "2017.04.27"]
[SourceQuality "1"]

1. d4 d5 2. Nf3 e6 3. c4 c6 4. Nc3 Nf6 5. e3 Nbd7 6. Be2 dxc4 7. Bxc4 b5 8. Bd3 b4 9. Na4 c5 10. Nxc5 Nxc5 11. dxc5 Bxc5 12. 0-0 0-0 13. b3 Bb7 14. Bb2 Rc8 15. Rc1 Ng4 16. Qe2 Bxf3 17. gxf3 Nxh2 18. Kxh2 Qh4+ 19. Kg2 Qg5+ 20. Kh1 Qh4+ 21. Kg2 Qg5+ 22. Kh1 Qh4+ 1/2-1/2

[Event "Budapest FS03 FM"]
[Site "Budapest"]
[Date "2017.03.04"]
[Round "1"]
[White "Zoltan, Andras"]
[Black "Jalal, Hazhar"]
[Result "0-1"]
[WhiteElo "1886"]
[BlackElo "2035"]
[PlyCount "94"]
[EventDate "2017.03.04"]
[EventType "tourn"]
[EventRounds "10"]
[EventCountry "HUN"]
[SourceTitle "CBM 177 Extra"]
[Source "ChessBase"]
[SourceDate "2017.04.27"]
[SourceVersion "1"]
[SourceVersionDate "2017.04.27"]
[SourceQuality "1"]

1. e4 c5 2. Nf3 Nf6 3. e5 Nd5 4. Nc3 e6 5. Nxd5 exd5 6. d4 Nc6 7. c3 Qb6 8. Be2 cxd4 9. 0-0 d6 10. cxd4 Bg4 11. h3 Bh5 12. Bf4 0-0-0 13. Re1 Kb8 14. Qd2 Ka8 15. a3 h6 16. b4 Bxf3 17. Bxf3 Qxd4 18. Bxd5 Qxd2 19. Bxd2 dxe5 20. Bxc6 bxc6 21. Be3 f6 22. Rec1 Kb7 23. Rab1 Rd5 24. a4 Bd6 25. b5 cxb5 26. axb5 Bb8 27. b6 a6 28. Rc4 f5 29. f4 exf4 30. Bxf4 Bxf4 31. Rxf4 Rhd8 32. Kh2 R8d6 33. Re1 Kxb6 34. Rb1+ Ka7 35. Rc4 Rd7 36. Rc8 Rb5 37. Rxb5 axb5 38. Rc5 Rb7 39. Rxf5 b4 40. Rf1 b3 41. Kg3 b2 42. Rb1 Rb4 43. Kf3 Kb6 44. Ke3 Ka5 45. Kd3 Ka4 46. Kc2 Ka3 47. Rf1 Ka2 0-1

[Event "Kurdistan op 2nd"]
[Site "Erbil"]
[Date "2013.12.15"]
[Round "5"]
[White "Bahram, Nihad"]
[Black "Jalal, Hazhar"]
[Result "1-0"]
[WhiteElo "2151"]
[BlackElo "2035"]
[PlyCount "101"]
[EventDate "2013.12.12"]
[EventType "swiss"]
[EventRounds "9"]
[EventCountry "IRQ"]
[SourceTitle "EXT 2015"]
[Source "ChessBase"]
[SourceDate "2014.11.20"]
[SourceVersion "1"]
[SourceVersionDate "2014.11.20"]
[SourceQuality "1"]

1. e4 c5 2. Nf3 Nf6 3. Nc3 d5 4. exd5 Nxd5 5. Bb5+ Bd7 6. Qe2 Nb4 7. d3 Bxb5 8. Nxb5 e6 9. Bf4 Nd5 10. Bd2 Be7 11. Nc3 Nc6 12. Nxd5 Qxd5 13. 0-0 0-0 14. Bc3 Nd4 15. Bxd4 cxd4 16. Rfe1 Rac8 17. Qd2 Bf6 18. Re2 Rc7 19. b3 Rfc8 20. Rc1 Rc3 21. a4 Qc5 22. Qd1 Rxb3 23. Rb1 Rb4 24. h3 b6 25. Rxb4 Qxb4 26. Qa1 Rc3 27. g4 g6 28. Qc1 Qxa4 29. Qf4 Bg7 30. Qb8+ Bf8 31. Ne5 Qa3 32. Qd8 Qd6 33. Nd7 Rc7 34. Nf6+ Kh8 35. Qa8 Qe7 36. g5 Qc5 37. f4 Rc8 38. Qb7 Qc7 39. Qe4 Bg7 40. Ng4 Qc6 41. Nf2 Qxe4 42. Nxe4 Kg8 43. Kf2 a5 44. Nd6 Ra8 45. Re1 a4 46. Ra1 Bf8 47. Nb5 Bc5 48. Ke2 Kf8 49. Kd2 Ke8 50. Nc7+ Kf8 51. Ra2 1-0